Goal keepers

Bibliographic Details
Main Author: Wade, Allen
Format: Book
Published: Yorkshire : EP PublishingLtd , 1981
Subjects:

MARC

LEADER 00000cam a2200000 7i4500
001 0000001971
005 20050422.0
020 |a 071580166 
040 |a INS 
090 0 0 |a GV943.   |b W3 1981 
100 1 |a Wade, Allen 
245 1 0 |a Goal keepers   |c Allen Wade 
260 |a Yorkshire :   |b EP PublishingLtd ,   |c 1981 
300 |a 40 p :   |b ill ;   |c 19 cm. 
650 0 0 |a Soccer   |x Goalkeeping   |x Study and teaching 
999 |a 0000000447   |b BOOK   |c Open Shelf   |e Default branch